|
|
|
|
| LEADER |
01618cas a2200337 a 4500 |
| 001 |
11321369 |
| 003 |
BD-DhAAL |
| 005 |
20231009122621.0 |
| 008 |
860729c2000 bg uu p 0 a0eng c |
| 010 |
|
|
|a 86913316
|
| 022 |
|
|
|a 1562-269X
|
| 025 |
|
|
|a B-E-Y6-913316
|
| 035 |
|
|
|a (OCoLC)ocm13982166
|
| 040 |
|
|
|a WU
|c WU
|d DLC
|d MH
|d NIC
|d NST
|d ICRL
|d MiU
|d MH
|d OCoLC
|d BD-DhUL
|d BD-DhAAL
|
| 042 |
|
|
|a pcc
|
| 043 |
|
|
|a a-bg---
|
| 050 |
0 |
0 |
|a H1
|b .S6142
|
| 082 |
0 |
0 |
|a 300
|b SOC
|2 19
|
| 130 |
0 |
|
|a Social science review (Dhaka, Bangladesh)
|9 55677
|
| 245 |
0 |
0 |
|a Social science review :
|b a multi-disciplinary journal of social sciences
|
| 260 |
|
|
|a Dhaka, Bangladesh :
|b University of Dhaka,
|c 1984-
|
| 300 |
|
|
|a v. ;
|c 24 cm.
|
| 362 |
0 |
|
|a Vol. 1, no. 1 (Dec. 1984)-
|
| 650 |
|
0 |
|a Social sciences.
|
| 710 |
2 |
|
|a University of Dhaka.
|b Faculty of Social Sciences.
|9 55678
|
| 942 |
|
|
|2 ddc
|c CR
|
| 999 |
|
|
|c 46215
|d 46215
|
| 952 |
|
|
|0 0
|1 0
|2 ddc
|4 0
|7 1
|8 REF
|9 74541
|a BRACUL
|b BRACUL
|c REF
|d 2023-10-09
|h Vol. 17, No. 1 (June 2000)
|l 0
|p 302009840514973
|r 2023-10-09
|w 2023-10-09
|y CR
|
| 952 |
|
|
|0 0
|1 0
|2 ddc
|4 0
|7 1
|8 REF
|9 74542
|a BRACUL
|b BRACUL
|c REF
|d 2023-10-09
|e Professor Nasrin Khandakar, DU
|h Vol. 17, No. 2 (December 2000)
|l 0
|p 302009840514974
|r 2023-10-09
|w 2023-10-09
|y CR
|
| 952 |
|
|
|0 0
|1 0
|2 ddc
|4 0
|7 1
|8 REF
|9 74543
|a BRACUL
|b BRACUL
|c REF
|d 2023-10-09
|e Professor Nasrin Khandakar, DU
|h Vol. 18, No 1 (June 2001)
|l 0
|p 302009840514975
|r 2023-10-09
|w 2023-10-09
|y CR
|
| 952 |
|
|
|0 0
|1 0
|2 ddc
|4 0
|7 1
|8 REF
|9 74544
|a BRACUL
|b BRACUL
|c REF
|d 2023-10-09
|e Professor Nasrin Khandakar, DU
|h Vol. 18, No 2 (December 2001)
|l 0
|p 302009840514976
|r 2023-10-09
|w 2023-10-09
|y CR
|